000 00434nam a2200157Ia 4500
008 210716s2013 xx 000 0 und d
020 _a978019806621X
041 _aeng
082 _a658.312404 MITB
100 _aMitra, Barun K.
245 _aPersonality development and soft skills.
250 _a2
260 _aNew Delhi
_bOxford University Press
_c2013
300 _axxi,256/2017
650 _aPersonality Development(658.314)
999 _c210335
_d210335